Statistiques concernant Groupes UEFA Euro 2012

Cliquez ici pour prendre le quiz!

Statistiques générales

  • Ce quiz a été pris 73 fois
  • Le résultat moyen est 15 sur 16

Statistiques - réponses

Groupe A% Correct
Espagne
98%
Italie
98%
Angleterre
98%
France
98%
Portugal
97%
Allemagne
95%
Suède
95%
Russie
94%
Pologne
92%
Pays-Bas
92%
Irlande
92%
Grèce
91%
Ukraine
91%
Croatie
88%
Danemark
84%
République Tchèque
80%

Distribution des résultats

Percentile par nombre de réponses

% des personnes avec chaque résultat

Votre développement - résultats

Vous n’avez pas pris ce quiz